Lecciones de Economía politica / (Record no. 158444)

MARC details
000 -LEADER
campo de control de longitud fija 00820nam a2200169 i 4500
001 - NÚMERO DE CONTROL
campo de control 158444
003 - IDENTIFICADOR DE NÚMERO DE CONTROL
campo de control ES-MaACL
005 - FECHA Y HORA DE LA ÚLTIMA TRANSACCIÓN
campo de control 20250627063651.0
008 - DATOS DE LONGITUD FIJA--INFORMACIÓN GENERAL
campo de control de longitud fija 931025s1874 sp |||| | spa d
100 ## - ENTRADA PRINCIPAL--NOMBRE DE PERSONA
Nombre de persona Madrazo, Santiago Diego,
Fechas asociadas al nombre 1816-1890
9 (RLIN) 222953
245 10 - MENCIÓN DEL TÍTULO
Título Lecciones de Economía politica /
Mención de responsabilidad, etc. por Santiago Diego Madrazo...
260 ## - PUBLICACIÓN, DISTRIBUCIÓN, ETC.
Lugar de publicación, distribución, etc. Madrid :
Nombre del editor, distribuidor, etc. Lib. de P. Calleja y C.\pia\s,
Fecha de publicación, distribución, etc. 1874 (
Fabricante Est. Tip. de Eduardo Cuesta)
300 ## - DESCRIPCIÓN FÍSICA
Extensión 3 v. ;
Dimensiones 21 cm.
852 ## - LOCALIZACIÓN
Ubicación ES-MaACL
Número de control de estantería C-2941-2943
Nota libre -- Enc. pasta
-- -- Posible duplicado CCPB000577171-4
Encuadernación -- Edic.: 1874-1876 -- T.I, 1874 (544 p.), T.II, 1875 (600 p.), T.III, 1876 (687 p.)
852 ## - LOCALIZACIÓN
Ubicación ES-MaACL
Número de control de estantería F-12798-12800
Nota libre -- Enc. hol.
-- -- Sobre el pie de imp. de los 3 v. consta la banderilla: "Madrid : Cárlos Bailly-Bailliere"
Holdings
Estatus retirado Estado de pérdida Estado de daño No para préstamo Colección Biblioteca de origen Biblioteca actual Ubicación en estantería Fecha de adquisición Fuente de adquisición Total de préstamos Signatura topográfica completa Código de barras Visto por última vez Precio de reemplazo Tipo de ítem Koha
        Libros del s. XIX Biblioteca del Ateneo de Madrid Biblioteca del Ateneo de Madrid Sala Pecera Planta 2 17/01/2008     F-12798-12800 1165833 23/02/2023 23/02/2023 Libro impreso antiguo
        Libros del s. XIX Biblioteca del Ateneo de Madrid Biblioteca del Ateneo de Madrid Sala Palomar 17/01/2008     C-2941-2943 1165832 23/02/2023 23/02/2023 Libro impreso antiguo